| 000 -LEADER |
| fixed length control field |
00353cam a22001097a 4500 |
| 008 - FIXED-LENGTH DATA ELEMENTS--GENERAL INFORMATION |
| fixed length control field |
180718b2018 xxu||||| |||| 00| 0 eng d |
| 020 ## - INTERNATIONAL STANDARD BOOK NUMBER |
| International Standard Book Number |
9788131609255 |
| 100 ## - MAIN ENTRY--PERSONAL NAME |
| Personal name |
Tiwari, Shiva Kant |
| 245 ## - TITLE STATEMENT |
| Title |
Historiography of ancient Indian law: paradigms from imperialism to postmodernism |
| Statement of responsibility, etc. |
by Shiva Kant Tiwari |
| 260 ## - PUBLICATION, DISTRIBUTION, ETC. |
| Place of publication, distribution, etc. |
Jaipur |
| Name of publisher, distributor, etc. |
Rawat |
| Date of publication, distribution, etc. |
2018 |
| 300 ## - PHYSICAL DESCRIPTION |
| Extent |
213p. |